000 00708nam a2200217Ia 4500
005 20241129105848.0
008 241129s9999||||xx |||||||||||||| ||und||
020 _a978-93-5112-277-7
037 _aTB
040 _aARTS
_bpun
_cARTS
041 _apun
_2pun
084 _aO153,6x Q9
_qARTS
100 _aਲੋਕ ਨਾਥ, ਚ।
245 0 _aਲੋਕ ਲਾਥ ਵਾਇਆ ਤਰਸਿੱਕਾ
_cਲੋਕ ਨਾਥ, ਚ।
260 _aਲੁਧਿਆਨਾ, ਭਾਰਤ
_bਲੁਧਿਆਨਾ ਚੇਤਨਾ ਪ੍ਰਕਾਸ਼ਨ
_c2020
300 _a272ਪ੍ਰ0
365 _aINR
_b375
650 _aPunjabi Prose
942 _cTB
_hO153,6x Q9
999 _c1226333
_d1226333